FC Bayern DFB-Pokal Aus - Statistiken

Allgemein
  • Dieses Quiz wurde 74 mal gespielt
  • Das Durchschnittsergebnis liegt bei 13 aus 30
Antwortstatistiken
Gegner Niederlagen Jahr % Korrekt
Borussia Dortmund 4 2017, 2015,2012,1993
92%
Holstein Kiel 1 2021
77%
Eintracht Frankfurt 2 1974, 2018
72%
Borussia Mönchengladbach 1 2022
70%
Werder Bremen 1 1999
68%
1. FC Saarbrücken 1 2024
63%
Bayer Leverkusen 2 2025, 2009
63%
FC Schalke 04 2 2011,2002
60%
VfB Stuttgart 1 1990
60%
Hamburger SV 2 1976, 1988
58%
SC Freiburg 1 2023
58%
1. FC Köln 1 1972
57%
1. FC Kaiserslautern 1 1981
50%
1. FC Nürnberg 1 1970
45%
Hertha BSC 1 1977
42%
VfL Bochum 1 1968
42%
Alemannia Aachen 2 2007,2004
37%
Eintracht Braunschweig 1 1983
35%
MSV Duisburg 1 1975
33%
Dynamo Dresden 1 1994
32%
Karlsruher SC 2 1997,1989
30%
Fortuna Düsseldorf 2 1996,1987
28%
1.FC Magdeburg 1 2001
20%
KFC Uerdingen 1 1985
17%
Kickers Offenbach 1 1973
17%
Vestenbergsgreuth 1 1995
12%
VfL Osnabrück 1 1979
10%
FC Homburg 2 1978,1992
8%
SpVgg Bayreuth 1 1980
5%
FV Weinheim 1 1991
3%
Keine übereinstimmenden Quizze gefunden
Verteilung der Resultate
Anzahl Personen mit jedem Resultat
Perzentil nach korrekt beantworteten Fragen
Ihre Resultats-Entwicklung
Sie haben dieses Quiz noch nicht gespielt